000 00264nam a22001217a 4500
020 _a0-340-69781-4
082 _a425
_bARC/L
100 _aARCARTI,KRISTYNA
245 _aTHE LANGUAGE OF FLOWERS
260 _aLONDON
_bHODDER &STOUGHTON
300 _a103
942 _cBK
999 _c3715
_d3715